|
|
|
|
| LEADER |
00000nam a2200000 4500 |
| 001 |
vtls011996094 |
| 003 |
SK-MaSNL |
| 005 |
20260301103549.0 |
| 008 |
201006s2007 ru oa g 001 0 rus |
| 020 |
|
|
|a 9785903406029
|q (viazané)
|
| 040 |
|
|
|a SNK
|b slo
|c SNK
|e rda
|
| 041 |
0 |
|
|a rus
|b eng
|
| 044 |
|
|
|a ru
|c RU
|
| 072 |
|
7 |
|2 konspekt
|
| 080 |
|
|
|2 2011
|
| 100 |
1 |
|
|a Karasik, Michail,
|d 1953-2017
|4 aut
|4 com
|9 440984
|
| 245 |
1 |
0 |
|a Paradnaja kniga Strany Sovetov
|c Michail Karasik ; sostaviteli: Michail Karasik, Aleksej Morozov, Aleksandr Snopkov
|
| 264 |
|
1 |
|a Moskva
|b Kontakt -Kul'tura
|c 2007
|
| 300 |
|
|
|a 256 strán
|b fotografie, ilustrácie
|c 31 cm
|
| 336 |
|
|
|a text
|b txt
|2 rdacontent
|
| 336 |
|
|
|a statický obraz
|b sti
|2 rdacontent
|
| 337 |
|
|
|a bez média
|b n
|2 rdamedia
|
| 338 |
|
|
|a zväzok
|b nc
|2 rdacarrier
|
| 504 |
|
|
|a Bibliografia na strane 40-42 ; register vydaní uvedených v publikácií
|
| 546 |
|
|
|a Resumé v angličtine
|
| 655 |
|
7 |
|a albumy
|2 SNKPH
|9 51421
|
| 655 |
|
7 |
|a obrazové publikácie
|2 SNKPH
|9 70343
|
| 655 |
|
7 |
|a Albums
|2 SNKPHeng
|9 281277
|
| 655 |
|
7 |
|a Pictorial works
|2 SNKPHeng
|9 284468
|
| 655 |
|
7 |
|a pramene
|2 SNKPH
|9 70564
|
| 655 |
|
7 |
|a Sources
|2 SNKPHeng
|9 285559
|
| 700 |
1 |
|
|a Morozov, Aleksej
|4 com
|9 440985
|
| 700 |
1 |
|
|a Snopkov, Aleksandr Jefimovič,
|d 1945-
|4 com
|9 440986
|
| 919 |
|
|
|a 978-5-903406-02-9
|
| 999 |
|
|
|c 695521
|d 697451
|
| 952 |
|
|
|a SNK
|b SNK
|y VYP
|7 0
|p 17A1449791
|o snkIB 74116
|i snk2021/2502
|8 2
|g 18.00
|0 0
|1 0
|4 0
|d 2020-10-06
|l 0
|r 2026-02-23 20:40:31
|w 2026-02-23
|